000 00419nam a2200157Ia 4500
008 231217s9999 xx 000 0 und d
020 _a8178814811
041 _aEnglish
082 _a658.827 PAN;1 R
100 _aPanda, Tapan K.
245 0 _aBranding : paradigms and prognostications
260 _c2005
_bIcfai
_aHyderabad
300 _axi, 205
650 _aBranding,paradigms,prograstications
942 _cAA
999 _c188901
_d188901